Responses for Show #6173 - Wednesday, June 15, 2011

Contestants

[<< previous game]

Michael Vlach, a high school technology teacher from Vacaville, California

John Mingey, a physician from Erie, Pennsylvania

Nick Condon, a research chemist originally from Lakewood, Colorado (whose 2-day cash winnings total $49,901)

[next game >>]

Jeopardy! Round responses

ALL POLITICS IS LOCAL
ICONS OF DAYTIME TELEVISION
(Alex: And remember, the Daytime Emmys are coming up this Sunday.)
HOUDINI
KINGS, QUEENS, & JACKS
THE NEW YORK TIMES TRAVEL
IN DENIAL
(Alex: And each correct response in that last category will be made up of letters in the word "denial".)
    $200 1
Gerrymander

John
    $200 23
Mr. Green Jeans

Nick
    $200 11
Budapest

Nick
    $200 6
"God Save The Queen"

Michael
    $200 14
Bill Clinton

John
    $200 21
Daniel

Triple Stumper
    $400 2
gay weddings

Nick
    $400 24
Regis Philbin

Michael
    $400 12
Halloween

Nick
    $400 7
Jack the Ripper

Nick
    $400 15
(John: What is Constantinople?)
...
(Alex: [*] is the city, yes. No longer Constantinople.)

Istanbul

NickJohn
    $400 22
alien

Nick
    $600 3
Detroit

Michael
    $600 25
Erica Kane

Nick
    $600 13
(Michael: What is an aneurysm?)

an appendix

JohnMichael
    $600 8
Don King

Nick
    $600 18
cemeteries

Michael
    $600 28
a nail

Nick
    $800 4
Michele Bachmann

John
    $800 26
The Today Show

John
    $800 16
seances

Nick
    $800 9
Jack London

Nick
    $800 19
Malaysia

Michael
    $800 29
ale

Nick
    $1000 5
Tip O'Neill

Nick
    $1000 27
[Audience laughs lightly as they recognize the man in the photo; they "Ohh!" admonishingly when nobody rings in.]
(Alex: Thanks a lot, guys!)

High Rollers

Triple Stumper
    $5,000 17
Arthur Conan Doyle

Nick
    $1000 10
Queen Anne

John
    $1000 20
Whistler

Michael
    $1000 30
a lead

John

Scores at the first commercial break (after clue 15):

Nick John Michael
$4,200 $2,400 $200

Scores at the end of the Jeopardy! Round:

Nick John Michael
$12,600 $4,200 $3,000

Double Jeopardy! Round responses

EXPLORATION
BANDS BY LEAD SINGER
BOOK"S"
PARTS OF A WHOLE
WEATHER, MAN
LITTLE-USED WORDS
    $400 21
the Northwest Passage

Nick
    $400 1
Journey

Nick
    $400 6
The Satanic Verses

Nick
    $400 26
a bicycle

Michael
    $400 16
the Gulf Stream

Nick
    $400 15
his brother

John
    $800 22
(Roald) Amundsen

John
    $800 2
Coldplay

Michael
    $800 7
The Scarlet Letter

Nick
    $800 27
a typewriter

John
    $800 17
(Michael: What is Asia?)

Antarctica

NickMichael
    $800 13
a mole

Nick
    $6,000 23
(Alex: John?)
(John: I don't know.)

Rhode Island

John
    $1200 3
Duran Duran

Michael
    $1200 8
A Separate Peace

Triple Stumper
    $1200 28
a railroad crossing

John
    $1200 18
a ridge

Triple Stumper
    $1200 11
(Alex: Many [*]s in Stockholm.)

an island

Triple Stumper
    $1600 24
Hudson

John
    $1600 4
Oasis

Michael
    $1600 9
The Secret Garden

Michael
    $1600 29
a camera

Nick
    $3,000 19
the dog days (of summer)

Nick
    $1600 12
amphibious & tractor

John
    $2000 25
(Alex: And those would be Little and Big [*] Islands, off the coast of Alaska.)

Diomede

Triple Stumper
    $2000 5
[Applause for Michael's near-run of the category.]

The Pussycat Dolls

Michael
    $2000 10
The Screwtape Letters

Nick
    $2000 30
(Alex: Ahh, if you had [*] at home, you'd've gotten that one right.)

bagpipes

Triple Stumper
    $2000 20
the stratosphere

Nick
    $2000 14
maculate

Triple Stumper

Scores at the end of the Double Jeopardy! Round:

Nick John Michael
$25,200 $4,600 $9,800
(lock game)

[wagering suggestions for these scores]

Final Jeopardy! Round responses

CRUSADING WOMEN
JohnWho was Mott?
$1,000
MichaelWho was Susan B. Anthony?
$257
NickWho was Susan B. Anthony?
$5,000
Susan B. Anthony

Final scores:

Nick John Michael
$30,200 $3,600 $10,057
3-day champion: $80,101 3rd place: $1,000 2nd place: $2,000

Game dynamics:

Coryat scores:

Nick John Michael
$19,800 $10,600 $9,800
26 R
(including 2 DDs),
0 W
13 R,
2 W
(including 1 DD)
12 R,
2 W

Combined Coryat: $40,200

[game clues] [game scores] [suggest correction]

Game tape date: 2011-02-23
The J! Archive is created by fans, for fans. Scraping, republication, monetization, and malicious use prohibited; this site may use cookies and collect identifying information. See terms. The Jeopardy! game show and all elements thereof, including but not limited to copyright and trademark thereto, are the property of Jeopardy Productions, Inc. and are protected under law. This website is not affiliated with, sponsored by, or operated by Jeopardy Productions, Inc. Join the discussion at JBoard.tv.